NhâÌ£p môn khoa hoÌ£c giao tiêÌp
Cung câÌp những kiêÌn thưÌc cơ bản vêÌ€ khoa hoÌ£c giao tiêÌp: những vâÌn đêÌ€ chung vêÌ€ liÌ luâÌ£n khoa hoÌ£c giao tiêÌp, ngôn ngữ giao tiêÌp, vaÌ€ caÌc quy tăÌc giao tiêÌp thông thươÌ€ng trong xã hôÌ£i, nhaÌ€ trươÌ€ng vaÌ€ t...
Sparad:
| Huvudupphovsman: | |
|---|---|
| Materialtyp: | Bok |
| Språk: | Undetermined |
| Publicerad: |
Tp. HCM
[Nbx]
1999
|
| Ämnen: | |
| Länkar: | http://lrc.tdmu.edu.vn/opac/search/detail.asp?aID=2&ID=6937 |
| Taggar: |
Lägg till en tagg
Inga taggar, Lägg till första taggen!
|
| Thư viện lưu trữ: | Trung tâm Học liệu Trường Đại học Thủ Dầu Một |
|---|
| LEADER | 01222nam a2200205Ia 4500 | ||
|---|---|---|---|
| 001 | TDMU_6937 | ||
| 008 | 210410s9999 xx 000 0 und d | ||
| 082 | |a 153.6 | ||
| 090 | |b NG528 | ||
| 100 | |a Nguyễn, Văn Lê | ||
| 245 | 0 | |a NhâÌ£p môn khoa hoÌ£c giao tiêÌp | |
| 245 | 0 | |c Nguyễn Văn Lê | |
| 260 | |a Tp. HCM | ||
| 260 | |b [Nbx] | ||
| 260 | |c 1999 | ||
| 300 | |a 161tr. | ||
| 520 | |a Cung câÌp những kiêÌn thưÌc cơ bản vêÌ€ khoa hoÌ£c giao tiêÌp: những vâÌn đêÌ€ chung vêÌ€ liÌ luâÌ£n khoa hoÌ£c giao tiêÌp, ngôn ngữ giao tiêÌp, vaÌ€ caÌc quy tăÌc giao tiêÌp thông thươÌ€ng trong xã hôÌ£i, nhaÌ€ trươÌ€ng vaÌ€ trong kinh doanh.; Trang biÌ€a ghi: taÌ€i liêÌ£u lưu haÌ€nh nôÌ£i bôÌ£ | ||
| 650 | |a Khoa hoÌ£c giao tiêÌp; Giao tiêÌp; Khoa hoÌ£c; Khoa hoÌ£c giao tiêÌp; Quan hêÌ£ xã hôÌ£i,Con ngươÌ€i | ||
| 856 | |u http://lrc.tdmu.edu.vn/opac/search/detail.asp?aID=2&ID=6937 | ||
| 980 | |a Trung tâm Học liệu Trường Đại học Thủ Dầu Một | ||